[Event "Hamburg IM"]
[Site "Hamburg"]
[Date "1999.01.12"]
[Round "1"]
[White "Bekker Jensen, Simon"]
[Black "Velicka, Petr"]
[Result "1/2-1/2"]
[WhiteElo "2260"]
[BlackElo "2465"]

1.d4 d5 2.c4 c6 3.Nf3 Nf6 4.Nc3 a6 5.a4 e6 6.Bg5 Be7 7.e3 O-O 8.Bd3 c5 9.O-O Nc6
10.cxd5 exd5 11.dxc5 Bxc5 12.Nxd5 Qxd5 13.Bxf6 Nb4 14.Bd4 Nxd3 15.Qxd3 Bf5
16.Qc3 Rfc8 17.Bxg7 Be4 18.Qe5 Bxf3 19.gxf3 Qxf3 20.Bh6 Qg4+ 21.Kh1 Qf3+
22.Kg1 Qg4+ 23.Qg3 Qxg3+ 24.hxg3 Rc6 25.Bf4 Bd6 26.Bxd6 Rxd6 27.Rfc1 Rb6
28.Rc2 Rd8 29.Rb1 Rd3 30.b4  1/2-1/2

[Event "Hamburg IM"]
[Site "Hamburg"]
[Date "1999.01.16"]
[Round "7"]
[White "Wendt, Jan Dietrich"]
[Black "Velicka, Petr"]
[Result "1/2-1/2"]
[WhiteElo "2295"]
[BlackElo "2465"]

1.d4 d5 2.c4 c6 3.Nf3 Nf6 4.Nc3 a6 5.a4 e6 6.g3 dxc4 7.Bg2 c5 8.O-O Nc6 9.Ne5 Bd7
10.Nxd7 Qxd7 11.d5 exd5 12.Nxd5 Nxd5 13.Qxd5 Qxd5 14.Bxd5 Na5 15.Bf4 Rd8
16.Rfd1 Rd7 17.Be5 Nb3 18.Rab1 h5 19.Bc3 Rh6 20.Bxc4 Rxd1+ 21.Rxd1 Nd4 22.Bxd4 Rd6
23.e3 Be7 24.Be2 cxd4 25.Rxd4 Rxd4 26.exd4 Bf6 27.Bxh5 Bxd4 28.b3 a5 29.Kf1 g5
30.Bf3 b6 31.Bd5 Kf8 32.h4  1/2-1/2

[Event "Ubeda op"]
[Site "Ubeda"]
[Date "1999.01.26"]
[Round "7"]
[White "Bagaturov, Giorgi"]
[Black "Burmakin, Vladimir"]
[Result "0-1"]
[WhiteElo "2540"]
[BlackElo "2560"]

1.d4 d5 2.c4 c6 3.Nf3 Nf6 4.Nc3 a6 5.e3 b5 6.b3 Bg4 7.Be2 e6 8.O-O Bd6 9.h3 Bh5
10.Ne5 Bxe2 11.Nxe2 Nfd7 12.Bb2 O-O 13.Rc1 dxc4 14.Nxd7 Nxd7 15.bxc4 Nf6
16.Qc2 Qe7 17.c5 Bc7 18.f4 Nd5 19.Rf3 f5 20.e4 Nb4 21.Qb1 fxe4 22.Qxe4 Nxa2
23.Re1 Nb4 24.d5 Nxd5 25.Nd4 Nxf4 26.Qxc6 Rac8 27.Qe4 Qxc5 28.Kh1 Qd5 29.Qxd5 exd5
30.Re7 Bd6 31.Ra7 Be5 32.Rxa6 Nd3 33.Rf5 Rfe8 34.Rc6 Rxc6 35.Nxc6 Bxb2 36.Rxd5 Ne5
37.Rxb5 Nxc6 38.Rxb2 Rb8 39.Rc2 Ne7 40.Rc7 Kf7  0-1

[Event "RUS-Cup03 (Geller mem)"]
[Site "Moscow"]
[Date "1999.02.13"]
[Round "4"]
[White "Kiselev, Sergey"]
[Black "Donchenko, Anatoly G"]
[Result "1/2-1/2"]
[WhiteElo "2500"]
[BlackElo "2382"]

1.d4 d5 2.Nf3 Nf6 3.c4 c6 4.Nc3 a6 5.Ne5 e6 6.Bg5 h6 7.Bh4 Nbd7 8.cxd5 exd5
9.Nf3 Be7 10.e3 O-O 11.Bd3 c5 12.Rc1 c4 13.Bb1 b5 14.a3 Bb7 15.O-O Ne4 16.Bxe4 dxe4
17.Bxe7 Qxe7 18.Nd2 Nb6 19.b3 Rac8 20.Ncb1 Bd5 21.Nc3 Bb7 22.Ncb1 Bd5 23.Nc3  1/2-1/2

[Event "Spring Festival 15th"]
[Site "Budapest"]
[Date "1999.03.17"]
[Round "1"]
[White "Sheldon, Ruth"]
[Black "Heyl, Thomas"]
[Result "1/2-1/2"]
[WhiteElo "2265"]
[BlackElo "2057"]

1.d4 d5 2.c4 c6 3.Nf3 Nf6 4.Nc3 a6 5.cxd5 cxd5 6.Bf4 Nc6 7.e3 e6 8.Bd3 Be7
9.Ne5 Bd7 10.O-O Nxe5 11.dxe5 Ng8 12.Qb3 Bc6 13.Rad1 g5 14.Bg3 h5 15.f4 Bc5
16.Bf2 gxf4 17.exf4 Qa5 18.Qc2 Nh6 19.h3 O-O-O 20.Ne2 Bxf2+ 21.Rxf2 Qb6 22.b4 Kb8
23.Qb2 Rhg8 24.Nd4 Rg3 25.Nxc6+ bxc6 26.Kh1 Rdg8 27.Rc2 Qe3 28.Rf1 Qxd3 29.Qc1 Nf5
30.Rxc6 Rxh3+ 31.Kg1 Rh1+ 32.Kxh1 Ng3+ 33.Kh2 Nxf1+ 34.Kg1 Qb5 35.a4 Qb7
36.Kxf1  1/2-1/2

[Event "Novgorod op"]
[Site "Novgorod"]
[Date "1999.03.22"]
[Round "4"]
[White "Lugovoi, Aleksei"]
[Black "Volkov, Sergey"]
[Result "1/2-1/2"]
[WhiteElo "2510"]
[BlackElo "2587"]

1.d4 d5 2.c4 c6 3.Nf3 Nf6 4.Nc3 a6 5.a4 e6 6.e3 a5 7.Bd3 Na6 8.e4 Nb4 9.Bg5 dxe4
10.Bxe4 Be7 11.O-O O-O 12.Qe2 b6 13.Rad1 Nxe4 14.Nxe4 Bxg5 15.Nexg5 h6 16.Ne4 Qc7
17.Ne5 Bb7 18.Rfe1 Rad8 19.c5 Ba6 20.Nc4 bxc5 21.Nxc5 Bxc4 22.Qxc4 Rd5 23.Re4 e5
24.Rde1 exd4 25.Rxd4 Rfd8 26.Rxd5 cxd5 27.Qb5 d4 28.Re8+ Kh7 29.Rxd8 Qxd8
30.Nd3 Qc7 31.Qf5+ g6 32.Qe5 Qd8 33.Nxb4 axb4 34.Kf1 d3 35.Ke1 Qc8 36.Qf4 Qe8+
37.Qe3 Qxa4 38.Qxd3 Qa1+ 39.Ke2 Qxb2+ 40.Ke3 b3 41.Qc4 Kg8 42.g3 h5 43.Qc7 Qa2
44.Qd8+ Kh7 45.Qd5 Qa7+ 46.Kf3 b2 47.Qb3 Qa8+ 48.Ke3 Qa7+ 49.Kf3 Qd4 50.Qxf7+ Kh6
51.Qf8+ Qg7 52.Qb4 Qf7+ 53.Ke2 Qa2 54.Qf8+ Kh7 55.Qe7+ Kh8 56.Qf8+ Kh7 57.Qe7+ Kg8
58.Qe8+ Kg7 59.Qe5+ Kf7 60.Qc7+ Ke6 61.Qc8+ Kd6 62.Qb8+ Kc5 63.Qc7+ Kd4 64.Qf4+  1/2-1/2

[Event "Novgorod op"]
[Site "Novgorod"]
[Date "1999.03.24"]
[Round "6"]
[White "Iljushin, Alexei"]
[Black "Volkov, Sergey"]
[Result "1-0"]
[WhiteElo "2484"]
[BlackElo "2587"]

1.d4 d5 2.c4 c6 3.Nf3 Nf6 4.Nc3 a6 5.a4 Bf5 6.Qb3 Ra7 7.Bf4 e6 8.e3 h6 9.Be2 a5
10.O-O Be7 11.Ne5 O-O 12.Bd3 Bxd3 13.Nxd3 Nbd7 14.h3 Qb6 15.Qxb6 Nxb6 16.c5 Nbd7
17.Rab1 b6 18.cxb6 Nxb6 19.b3 Nbd7 20.Rfc1 Rb7 21.Na2 g5 22.Bh2 Rc8 23.b4 Ne4
24.Nc5 Ra7 25.Nxe4 dxe4 26.bxa5 Nf6 27.Nc3 c5 28.Be5 cxd4 29.Bxd4 Rxa5 30.Bxf6 Bxf6
31.Nxe4 Rxc1+ 32.Rxc1 Bg7 33.Rc4 Rd5 34.g4 f5 35.Ng3 Bf8 36.Kg2 Ra5 37.Ne2 Bg7
38.Nd4 Bxd4 39.Rxd4 Kf7 40.Kf3 Kf6 41.Ke2 Ke5 42.Kd3 Ra8 43.f3 Kf6 44.Kc3 Ke7
45.Kb3 fxg4 46.fxg4 Rb8+ 47.Kc4 Rc8+ 48.Kb5 e5 49.Rd3 Rb8+  1-0

[Event "Dreifluesse op 7th"]
[Site "Passau"]
[Date "1999.04.03"]
[Round "3"]
[White "Teske, Henrik"]
[Black "De Francesco, Klaus"]
[Result "1-0"]
[WhiteElo "2500"]
[BlackElo "2281"]

1.d4 d5 2.Nf3 c6 3.c4 Nf6 4.Nc3 a6 5.c5 Bf5 6.Qb3 Qc8 7.h3 h6 8.Bf4 e6 9.e3 Nbd7
10.Be2 Be7 11.Na4 Bd8 12.O-O O-O 13.Bd3 Bxd3 14.Qxd3 Bc7 15.b4 Re8 16.Rab1 Qb8
17.g3 Ne4 18.Nc3 Nxc3 19.Qxc3 e5 20.dxe5 Nxe5 21.Bxe5 Bxe5 22.Qc2 Qc8 23.Kg2 Bf6
24.a4 Re4 25.Nd2 Re7 26.Rb3 Qe6 27.Rfb1 g6 28.b5 axb5 29.axb5 h5 30.h4 Qg4
31.Nf3 Re4 32.bxc6 bxc6 33.Rb8+ Rxb8 34.Rxb8+ Kg7 35.Qb3 Ra4 36.Qb7 d4 37.Qxc6 dxe3
38.Qe8 Kh6 39.Qxe3+ Kh7 40.Qe8 Qc4 41.Ng5+ Kg7 42.Qh8+  1-0

[Event "Baden Casino op"]
[Site "Baden"]
[Date "1999.04.04"]
[Round "4"]
[White "Nemet, Ivan"]
[Black "Haas, Carmi"]
[Result "1-0"]
[WhiteElo "2422"]
[BlackElo "2215"]

1.d4 d5 2.Nf3 Nf6 3.c4 c6 4.Nc3 a6 5.g3 dxc4 6.Bg2 g6 7.Ne5 Bg7 8.Nxc4 O-O
9.O-O a5 10.e4 Bg4 11.Qb3 b5 12.Ne5 a4 13.Qc2 Qxd4 14.Nxg4 Nxg4 15.h3 Ne5
16.Rd1 Qc4 17.Be3 a3 18.Bf1 Qb4 19.Kg2 axb2 20.Rab1 Nc4 21.Bd4 e5 22.Be3 Ra3
23.Rd3 f5 24.Nd1 f4 25.Bd2 Nxd2 26.Rxd2 Rxa2 27.g4 f3+ 28.Kg1 Bh6 29.Rd3 Bc1
30.Rb3 Qd4 31.Rd3 Qxe4 32.Nc3 Qc4 33.Rd1 Qf7 34.Nxa2 Qxa2 35.Rbxc1 bxc1=N
36.Qxc1 Qe6 37.Qa3 Qe8 38.Bd3 Nd7 39.Be4 Nf6 40.Bxf3 e4 41.Bg2 Nd5 42.Re1 Qf7
43.Qg3 Qf4 44.Bxe4 Qxg3+ 45.fxg3 Kf7 46.Rc1 Re8 47.Bf3 Ne7 48.Kf2 Rc8 49.Ke3 Ke6
50.g5 Kd6 51.Rd1+ Kc7 52.Bg4 Rd8 53.Rxd8 Kxd8 54.Kd4 Kc7 55.Kc5 Kb7 56.h4 Ka6
57.Kd6 Nd5 58.Kxc6 Nb4+ 59.Kc5 Nc2 60.Be2 Kb7 61.Bxb5 Kc7 62.Bd3 Ne3 63.Kd4 Nd1  1-0

[Event "Hampstead IM-B 5th"]
[Site "London"]
[Date "1999.04.07"]
[Round "1"]
[White "Bjarnason, Saevar"]
[Black "Houska, Jovanka"]
[Result "0-1"]
[WhiteElo "2303"]
[BlackElo "2286"]

1.d4 d5 2.c4 c6 3.Nf3 Nf6 4.Nc3 a6 5.cxd5 cxd5 6.Bf4 Nc6 7.e3 Bg4 8.Qb3 Bxf3
9.gxf3 Qd7 10.Bd3 e6 11.Na4 Na5 12.Qd1 Bb4+ 13.Ke2 Qd8 14.Qg1 O-O 15.Qg2 Ne8
16.Rhg1 f5 17.Rac1 Nc6 18.Nc5 Bxc5 19.Rxc5 Qe7 20.Qg3 Rf7 21.Rgc1 Nf6 22.Qh4 Qe8
23.a3 Nd7 24.R5c3 e5 25.dxe5 Ndxe5 26.Bxe5 Qxe5 27.f4 Qe6 28.Kf1 Kh8 29.Rc5 Rf6
30.Qh3 Rff8 31.b4 Rac8 32.Rd1 Ne7 33.Qf3 Rxc5 34.bxc5 Rc8 35.Rc1 b6 36.Bxa6 Rxc5
37.Rxc5 bxc5 38.Qe2 c4 39.Bb5 Qe4 40.Qb2 c3 41.Qxc3 Qb1+ 42.Kg2 Qxb5 43.Qe5 Qb7
44.Kg3 Kg8 45.Qe6+ Kf8 46.Qd6 Qc6 47.Qb8+ Kf7 48.h3 Qc1 49.Qa7 Qg1+ 50.Kf3 Qh2
51.a4 Qxh3+ 52.Ke2 Qg4+ 53.Ke1 h5  0-1

[Event "Golden Cleopatra op 3rd"]
[Site "Cairo"]
[Date "1999.04.14"]
[Round "4"]
[White "Abdulla, Al Rakib"]
[Black "Rahman, Yehya"]
[Result "1/2-1/2"]
[WhiteElo "2304"]
[BlackElo "2310"]

1.Nf3 d5 2.d4 Nf6 3.c4 c6 4.Nc3 a6 5.cxd5 cxd5 6.Bf4 Nc6 7.e3 e6 8.Bd3 Bd6
9.Bg3 Bxg3 10.hxg3 Qd6 11.Qd2 Bd7 12.O-O-O b5 13.Kb1 b4 14.Ne2 a5 15.Rc1 a4
16.Nf4 Rb8 17.Qe2 e5 18.dxe5 Nxe5 19.e4 d4 20.Nxe5 Qxe5 21.Nh5 g6 22.f4 Qe7
23.Nxf6+ Qxf6 24.e5 Qb6 25.Rh6 a3 26.b3 Rc8 27.Rxc8+ Bxc8 28.f5 Kd8 29.Qe4 Qc5
30.Rh4 gxf5 31.Qxd4+ Qxd4 32.Rxd4+ Ke7 33.Rxb4 Rg8 34.Be2 Rxg3 35.Bf3 Ba6
36.Ra4 Bf1 37.Bd5 Bxg2 38.Ra7+ Kd8 39.Bxf7 Re3 40.e6 f4 41.Rd7+ Kc8 42.Kc1 f3
43.Rd2 Re1+ 44.Kc2 Kc7 45.b4 Re2 46.Rxe2 fxe2 47.Kd2 Kd6 48.Bg8 h5 49.Kxe2 Bh3
50.Bf7  1/2-1/2

[Event "BL2-O9899"]
[Site "Germany"]
[Date "1999.04.18"]
[Round "9.4"]
[White "Meister, Peter"]
[Black "Schoebel, Wolfgang"]
[Result "1-0"]
[WhiteElo "2420"]
[BlackElo "2270"]

1.d4 d5 2.c4 c6 3.Nf3 Nf6 4.Nc3 a6 5.cxd5 cxd5 6.Bf4 Nc6 7.e3 e6 8.Bd3 Be7
9.Rc1 Bd7 10.Ne5 Rc8 11.O-O O-O 12.h3 b5 13.Nxd7 Qxd7 14.a4 b4 15.Na2 Qb7
16.Qe2 Ra8 17.b3 Rfc8 18.Rc2 Bf8 19.Rfc1 Ne8 20.Bg3 Bd6 21.Bxd6 Nxd6 22.Rc5 Ne4
23.Bxe4 dxe4 24.Qc4 Ne7 25.Qxb4 Qxb4 26.Rxc8+ Nxc8 27.Nxb4 Ne7 28.Rc5 Kf8
29.Ra5 Rb8 30.Nxa6 Rxb3 31.Nc5 Rb1+ 32.Kh2 Nd5 33.Ra8+ Ke7 34.Ra7+ Kf6 35.Nxe4+ Kg6
36.Nd6 f6 37.Ne8 Rb8 38.Nxg7 e5 39.e4 Nc3 40.f3 exd4 41.Nf5 Kg5 42.g3 Rb2+
43.Kh1 Rb1+ 44.Kg2 Rb2+ 45.Kf1 Rb1+ 46.Kf2 Rb2+ 47.Ke1 d3 48.Rg7+  1-0

[Event "Capablanca mem Mixto"]
[Site "Havana"]
[Date "1999.05.19"]
[Round "11"]
[White "Almeida, Omar"]
[Black "Delgado Crespo, Mairelys"]
[Result "1-0"]
[WhiteElo "2344"]
[BlackElo "2298"]

1.d4 d5 2.c4 c6 3.Nc3 Nf6 4.Nf3 a6 5.a4 e6 6.Bg5 Be7 7.e3 O-O 8.Bd3 dxc4
9.Bxc4 c5 10.dxc5 Qxd1+ 11.Rxd1 Bxc5 12.Bxf6 gxf6 13.Ke2 Bd7 14.Rd3 Rc8 15.Bb3 Bc6
16.Nd4 Rc7 17.Rc1 Be7 18.Ne4 f5 19.Nc3 Be8 20.e4 Bd7 21.exf5 e5 22.Rg3+ Kf8
23.Nf3 Bxf5 24.Nxe5 Bd6 25.Rf3 Bxe5 26.Rxf5 Nc6 27.Kf1 Rac8 28.Nd5 f6 29.Nxc7 Rxc7
30.Bd5 Bxb2 31.Rc2 Be5 32.f4 Bd4 33.Bxc6 bxc6 34.Ra5 c5 35.Rxa6 Ke7 36.a5 c4
37.Ke2 Ba7 38.f5 Bd4 39.Re6+ Kf7 40.Re4  1-0

[Event "BUL-ch"]
[Site "Plovdiv"]
[Date "1999.05.22"]
[Round "11"]
[White "Genov, Petar"]
[Black "Popchev, Milko"]
[Result "1-0"]
[WhiteElo "2410"]
[BlackElo "2513"]

1.d4 d5 2.Nf3 Nf6 3.c4 c6 4.Nc3 a6 5.Qb3 e6 6.Bg5 Nbd7 7.e3 Be7 8.Rd1 b5
9.cxd5 cxd5 10.Bd3 O-O 11.O-O Bb7 12.Bxf6 Nxf6 13.Rc1 Rc8 14.Qd1 Ne4 15.Ne2 Bd6
16.Bb1 Qe7 17.Ne5 f6 18.Nd3 Rc4 19.a3 a5 20.f3 Ng5 21.Qd2 b4 22.axb4 Bxb4
23.Nxb4 Qxb4 24.Qxb4 Rxb4 25.Nf4 Re8 26.Rf2 Ba6 27.h4 Nf7 28.Rc6 Bc8 29.Rfc2 Rb8
30.Rc7 Ba6 31.R2c6 Bc4 32.Bxh7+ Kxh7 33.Rxf7 Rxb2 34.Rcc7 Rg8 35.Nxe6 Re2
36.Rxf6 Re1+ 37.Kh2 Bd3 38.e4 Kh8 39.Rf5  1-0

[Event "CZE-ch"]
[Site "Lazne Bohdanec"]
[Date "1999.06.08"]
[Round "6"]
[White "Meduna, Eduard"]
[Black "Velicka, Petr"]
[Result "1/2-1/2"]
[WhiteElo "2493"]
[BlackElo "2449"]

1.d4 d5 2.c4 c6 3.Nf3 Nf6 4.Nc3 a6 5.a4 e6 6.Bg5 Nbd7 7.e3 Qa5 8.Nd2 Bb4
9.Rc1 c5 10.Be2 O-O 11.O-O cxd4 12.exd4 dxc4 13.Bxf6 Nxf6 14.Nxc4 Qg5 15.Qb3 a5
16.Bf3 Rb8 17.Ne5 Rd8 18.Nb5 Bd7 19.Nxd7 Rxd7 20.Rc2 Rbd8 21.Qe3 Qf5 22.Rfc1 Nd5
23.Qe4 Qxe4 24.Bxe4 Nb6 25.b3 e5 26.Bf5 Rd5  1/2-1/2

[Event "Voronezh op 3rd"]
[Site "Voronezh"]
[Date "1999.06.14"]
[Round "3"]
[White "Belikov, Vladimir"]
[Black "Chuprikov, Dmitry"]
[Result "1-0"]
[WhiteElo "2495"]
[BlackElo "2355"]

1.Nf3 d5 2.d4 Nf6 3.c4 c6 4.Nc3 a6 5.a4 e6 6.g3 dxc4 7.Bg2 c5 8.O-O Nc6 9.dxc5 Qxd1
10.Nxd1 Bxc5 11.Be3 Be7 12.Nd2 Nd5 13.Nxc4 Nxe3 14.Ndxe3 Bd7 15.Nb6 Rd8 16.Nec4 Bc5
17.Nxd7 Rxd7 18.Bxc6 bxc6 19.Rac1 Bd4 20.b4 Bf6 21.Na5 O-O 22.Nxc6 Rd2 23.e3 g6
24.Rfd1 Rb2 25.Rc5 Ra8 26.Rd7 Kg7 27.Kg2 h5 28.h4 Ra2 29.a5 Rb2 30.Rc4 Rc8
31.Ra7 Rb3 32.Rxa6 Be7 33.Rb6 Bf8 34.a6 Ra3 35.b5 Kf6 36.Rb7  1-0

[Event "Voronezh op 3rd"]
[Site "Voronezh"]
[Date "1999.06.15"]
[Round "4"]
[White "Koziak, Vitali"]
[Black "Volodin, Alexey"]
[Result "1/2-1/2"]
[WhiteElo "2483"]
[BlackElo "2300"]

1.d4 d5 2.c4 c6 3.Nf3 Nf6 4.Nc3 a6 5.c5 g6 6.g3 Bg7 7.Bg2 O-O 8.O-O Nbd7
9.Re1 Re8 10.e4 Nxe4 11.Nxe4 dxe4 12.Rxe4 Nxc5 13.Rh4 h5 14.Be3 Nd7 15.d5 cxd5
16.Qxd5 Nf6 17.Qb3 Qd5 18.Rb4 Qxb3 19.Rxb3 Nd5 20.Bd4 e6 21.Bxg7 Kxg7 22.Ne5 b5
23.Rd1 Ra7 24.Bxd5 exd5 25.Nc6 Rc7 26.Nd4 Rce7 27.Rbd3 Re1+ 28.Kg2 Bg4 29.f3 Rxd1
30.Rxd1 Be6 31.Rc1 Kf6 32.Kf2 Ke5 33.Nc6+ Kd6 34.Nd4 Bd7 35.b4 Ra8 36.Nb3 Bf5
37.Nd4 Bd7 38.Nb3 Re8 39.Nc5 Bc8 40.Rd1 a5 41.Ne4+ Ke6 42.Ng5+ Kf6 43.Rxd5 axb4
44.Ne4+ Kg7  1/2-1/2

[Event "CCA ChessWise op"]
[Site "Stratton Mountain"]
[Date "1999.06.16"]
[Round "8"]
[White "Belakovskaia, Anjelina"]
[Black "Eisen, Lewis"]
[Result "1/2-1/2"]
[WhiteElo "2286"]
[BlackElo "2270"]

1.d4 d5 2.c4 c6 3.Nc3 Nf6 4.Nf3 a6 5.cxd5 cxd5 6.Bf4 Nc6 7.e3 Bg4 8.h3 Bxf3
9.Qxf3 e6 10.Bd3 Be7 11.Rc1 Rc8 12.O-O O-O 13.Qe2 Re8 14.Rfd1 g6 15.Bg5 Nd7
16.Bxe7 Rxe7 17.Qg4 Nf6 18.Qg5 Rec7 19.Ne2 Ne8 20.Qh6 Qd6 21.h4 Nf6 22.Qf4 Qxf4
23.Nxf4 Ne7 24.Ne2 Kf8 25.Rxc7 Rxc7  1/2-1/2

[Event "Andorra la Vella op"]
[Site "Andorra la Vella"]
[Date "1999.06.27"]
[Round "2"]
[White "Lalic, Bogdan"]
[Black "Quinn, Mark"]
[Result "1/2-1/2"]
[WhiteElo "2549"]
[BlackElo "2346"]

1.d4 d5 2.c4 c6 3.Nf3 Nf6 4.Nc3 a6 5.a4 e6 6.g3 dxc4 7.Bg2 c5 8.dxc5 Qxd1+
9.Nxd1 Nc6 10.Ne3 Bxc5 11.Nxc4 Ke7 12.O-O Rd8 13.b3 Bd7 14.Bb2 Rac8 15.Rac1 b5
16.axb5 axb5 17.Nce5 Nxe5 18.Nxe5 Bd6 19.Nxd7 Kxd7 20.e4 Bb4 21.Rfd1+ Ke7
22.Rxd8  1/2-1/2

[Event "EUCup99 (Women)"]
[Site "Nova Gorica"]
[Date "1999.06.29"]
[Round "2"]
[White "Vasilevich, Tatjana"]
[Black "Macek, Vlasta"]
[Result "1-0"]
[WhiteElo "2395"]
[BlackElo "2199"]

1.d4 d5 2.c4 c6 3.Nf3 Nf6 4.Nc3 a6 5.Ne5 Nbd7 6.g3 e6 7.Bg2 Be7 8.O-O Nxe5
9.dxe5 Nd7 10.cxd5 cxd5 11.f4 O-O 12.Kh1 Nb6 13.b3 Bd7 14.e3 Rc8 15.Bb2 Bb4
16.Qd2 Bc6 17.a3 Bc5 18.Rfd1 Qc7 19.Ne2 Rfd8 20.Nd4 Nd7 21.Rac1 Qb6 22.b4 Be7
23.Rf1 Nf8 24.f5 Bg5 25.h4 Bh6 26.g4 g6 27.g5 Bxg5 28.hxg5 gxf5 29.Qf2 Bd7
30.Rxc8 Rxc8 31.e4  1-0

[Event "Paris-ch"]
[Site "Paris"]
[Date "1999.07.17"]
[Round "1"]
[White "Komarov, Dimitri"]
[Black "Gouy, Frederic"]
[Result "1-0"]
[WhiteElo "2582"]
[BlackElo "2157"]

1.d4 d5 2.Nf3 Nf6 3.c4 c6 4.Nc3 a6 5.e3 b5 6.b3 Bg4 7.Be2 e6 8.O-O Bd6 9.Ne5 Bxe2
10.Nxe2 Bxe5 11.dxe5 Ne4 12.f3 Nc5 13.cxd5 Qxd5 14.Bb2 Qd3 15.Bd4 Qxd1 16.Rfxd1 Ncd7
17.Rac1 c5 18.Bxc5 Nxc5 19.Rxc5 Nd7 20.Rc7 Nxe5 21.Rd6 O-O 22.Nd4 h6 23.Kf1 Rfd8
24.Rxd8+ Rxd8 25.Ke2 Kf8 26.f4 Ng4 27.Nc6 Ra8 28.h3 Nf6 29.Ne5 Nd5 30.Rxf7+ Kg8
31.Kd2 b4 32.Rb7 a5 33.Nc6 Rc8 34.Rb8 Rxb8 35.Nxb8 e5 36.fxe5 Kf7 37.Nc6 Ke6
38.Kd3 h5 39.Kd4 Nc3 40.a4 Ne2+ 41.Kd3 Nc1+ 42.Kc4 h4 43.Nxa5 Kxe5 44.Nc6+ Ke4
45.a5  1-0

[Event "Komercni Banka op"]
[Site "Pardubice"]
[Date "1999.07.18"]
[Round "3"]
[White "Buhmann, Rainer"]
[Black "Jirka, Jiri"]
[Result "1-0"]
[WhiteElo "2386"]
[BlackElo "2161"]

1.d4 d5 2.c4 c6 3.Nf3 Nf6 4.Nc3 a6 5.e3 Bf5 6.Qb3 b5 7.cxd5 cxd5 8.a4 b4
9.Qxb4 Nc6 10.Qc5 Na5 11.Bxa6 Rxa6 12.Qb5+ Rc6 13.Ne5 Bd7 14.Nxd7 Nxd7 15.Bd2 Rc8
16.Nxd5 Nc4 17.Bb4 e6 18.Bxf8 Rxf8 19.Nc3 Qc7 20.O-O Nxb2 21.Rfc1 Nc4 22.Ne4 Kd8
23.Qg5+ f6 24.Qxg7 Qc6 25.Nc5 Na5 26.h3 Ke8 27.Nb3 Nxb3 28.Rxc6 Rxc6 29.Rb1 Na5
30.Rb5 Nc4 31.Rb7 Rd6 32.Qxh7 Rf7 33.Qc2 Ncb6 34.a5 Nd5 35.Qc8+ Ke7 36.e4 Nf4
37.e5 Rxd4 38.Qc5+ Ke8 39.Qxd4 fxe5 40.Qb4 Ne2+ 41.Kh2 Rxf2 42.Qd6 Rf7 43.Qxe6+ Re7
44.Qg8+ Nf8 45.Rxe7+ Kxe7 46.a6  1-0

[Event "Komercni Banka op"]
[Site "Pardubice"]
[Date "1999.07.20"]
[Round "5"]
[White "Moor, Olivier"]
[Black "Soln, Primoz"]
[Result "1/2-1/2"]
[WhiteElo "2313"]
[BlackElo "2411"]

1.d4 d5 2.c4 c6 3.Nf3 Nf6 4.Nc3 a6 5.cxd5 cxd5 6.Ne5 e6 7.Bf4 Qb6 8.Rb1 Nc6
9.e3 Be7 10.Bd3 Nb4 11.Be2 O-O 12.O-O Nd7 13.Nf3 Bd6 14.Na4 Qc7 15.Rc1 Nc6
16.Bxd6 Qxd6 17.Bd3 e5 18.dxe5 Ncxe5 19.Be2 b5 20.Nc3 Bb7 21.Qd4 Rfd8 22.Ne4 Qe7
23.Ned2 Rac8 24.Nxe5 Nxe5 25.Nf3 Nc6 26.Qd2 Qe4 27.Nd4 Nxd4 28.Qxd4 Qxd4
29.exd4 Kf8 30.h4 Ke7 31.Bg4 Rc4 32.Rfd1 Kd6 33.b3 Rxc1 34.Rxc1 Re8 35.Bf3 b4
36.g3 Rc8 37.Rxc8 Bxc8 38.Be2 Bf5 39.Bxa6 Bb1 40.Bb5 Bxa2 41.Ba4 f6 42.Kg2 Bb1  1/2-1/2

[Event "Biel MTO"]
[Site "Biel"]
[Date "1999.07.24"]
[Round "5"]
[White "Tyomkin, Dimitri"]
[Black "Volkov, Sergey"]
[Result "0-1"]
[WhiteElo "2495"]
[BlackElo "2575"]

1.d4 d5 2.c4 c6 3.Nf3 Nf6 4.Nc3 a6 5.a4 Bf5 6.Qb3 Ra7 7.Bf4 e6 8.e3 a5 9.Be2 h6
10.O-O Nbd7 11.h3 Be7 12.Nd2 O-O 13.Bf3 Qb6 14.Qxb6 Nxb6 15.c5 Nbd7 16.e4 dxe4
17.Ndxe4 Nxe4 18.Nxe4 Bxe4 19.Bxe4 Nf6 20.Bf3 Rd8 21.Rad1 Nd5 22.Bd2 Nb4
23.Bc3 Rd7 24.Rd2 Bg5 25.Re2 Nd3 26.Rc2 Ra8 27.Rd1 Nb4 28.Re2 Rad8 29.Kf1 g6
30.g3 h5 31.h4 Bh6 32.Ke1 Bg7 33.Red2 Bxd4 34.Bxb4 axb4 35.Ke2 e5 36.Rc1 Ra8
37.b3 Re7 38.Rc4 Bc3 39.Rd6 Rae8 40.Bg2 e4 41.Bh3 Kg7 42.Bd7 Rh8 43.Bh3 f5
44.Ke3 Rc8 45.Bf1 Rcc7 46.Bh3 Kf7 47.Rd1 Re5 48.Rd6 Rd5 49.Rxe4 fxe4 50.Be6+ Ke7
51.Bxd5 cxd5 52.Rxg6 Rxc5 53.Rh6  0-1

[Event "Dutch Open"]
[Site "Dieren"]
[Date "1999.07.26"]
[Round "7"]
[White "Van Beek, Lucien"]
[Black "Hopman, Pieter"]
[Result "1-0"]
[WhiteElo "2326"]
[BlackElo "2212"]

1.d4 d5 2.c4 c6 3.Nc3 Nf6 4.Nf3 a6 5.e3 e6 6.b3 b5 7.Bd3 Nbd7 8.O-O Bb7 9.e4 Bb4
10.e5 Bxc3 11.exf6 Nxf6 12.Rb1 Bb4 13.a4 O-O 14.axb5 axb5 15.cxb5 c5 16.Bg5 cxd4
17.Nxd4 Be7 18.Nc6 Bxc6 19.bxc6 Qd6 20.Qc2 g6 21.Rfc1 Rfc8 22.b4 e5 23.b5 e4
24.Be2 h6 25.Bxf6 Qxf6 26.b6  1-0

[Event "BCF-ch 86th"]
[Site "Scarborough"]
[Date "1999.08.06"]
[Round "6"]
[White "Ward, Christopher"]
[Black "Hodgson, Julian M"]
[Result "0-1"]
[WhiteElo "2473"]
[BlackElo "2605"]

1.d4 d5 2.c4 c6 3.Nf3 Nf6 4.Nc3 a6 5.Ne5 Nbd7 6.Bf4 e6 7.e3 Be7 8.Bd3 O-O
9.O-O dxc4 10.Nxc4 Nd5 11.Bg3 c5 12.Be4 N7f6 13.Bf3 b5 14.Ne5 Bb7 15.Nxd5 Nxd5
16.dxc5 Bxc5 17.Nd3 Bxe3 18.fxe3 Nxe3 19.Qe2 Nxf1 20.Rxf1 Bxf3 21.Rxf3 Qd5
22.a3 f6 23.Be1 e5 24.Rh3 Rad8 25.Bc3 Qc4 26.Kf1 Rf7 27.Nf2 Rc7 28.Qxc4+ Rxc4
29.Re3 Kf7 30.Ne4 h5 31.h4 Ke6 32.Ke2 Kf5 33.Kf3 Rd7 34.b3 Rc6 35.Ng3+ Kg6
36.Ke4 a5 37.Nf5 a4 38.Bb4 Kf7 39.Kf3 g6 40.Ng3 Rd1 41.Ne4 Rc2 42.bxa4 Rf1+
43.Kg3 f5 44.Ng5+ Kf6 45.Rd3 f4+ 46.Kh2 Rcc1 47.Ne4+ Kf5 48.Ng3+ fxg3+ 49.Kxg3 bxa4
50.Rd8 Rf4 51.Rf8+ Ke4 52.Ra8 Rg4+  0-1

[Event "MK Cafe Cup-A"]
[Site "Koszalin"]
[Date "1999.08.07"]
[Round "5"]
[White "Gyimesi, Zoltan"]
[Black "Magomedov, Magaram"]
[Result "1-0"]
[WhiteElo "2531"]
[BlackElo "2604"]

1.d4 d5 2.c4 c6 3.Nf3 Nf6 4.Nc3 a6 5.a4 Bf5 6.Qb3 Ra7 7.a5 e6 8.Qb6 Qxb6
9.axb6 Ra8 10.c5 Nbd7 11.b4 Be7 12.e3 O-O 13.Bb2 Bg4 14.Nd2 e5 15.f3 exd4
16.exd4 Rfe8 17.Be2 Bf5 18.g4 Bg6 19.Nb3 Nf8 20.Na5 Ne6 21.Rd1 Rab8 22.O-O Nd7
23.Bxa6 Bf6 24.Bxb7 Bxd4+ 25.Kh1 Ne5 26.Bxc6 Red8 27.Bxd5 Rxd5 28.Nxd5 Bxb2
29.c6 Nxf3 30.c7 Re8 31.Ne7+ Kf8 32.Nxg6+  1-0

[Event "BCF-ch 86th"]
[Site "Scarborough"]
[Date "1999.08.09"]
[Round "8"]
[White "Wells, Peter K"]
[Black "Hodgson, Julian M"]
[Result "1/2-1/2"]
[WhiteElo "2476"]
[BlackElo "2605"]

1.d4 d5 2.c4 c6 3.Nf3 Nf6 4.Nc3 a6 5.c5 Nbd7 6.Bf4 Nh5 7.Bd2 Nhf6 8.Bf4 Nh5
9.Be3 g6 10.g3 Bg7 11.Bg2 O-O 12.O-O h6 13.Qd2 Kh7 14.Ne5 Nxe5 15.dxe5 Bxe5
16.Bxh6 Rh8 17.Rad1 Kg8 18.e4 Bg4 19.f3 Be6 20.Be3 Nf6 21.Bd4 Bxd4+ 22.Qxd4 Qf8
23.e5 Nd7 24.f4 Bg4 25.Rde1 e6 26.Na4 Qh6 27.h4 Qf8 28.Re3 Rb8 29.Rc3 f6
30.Nb6 Nxb6 31.cxb6 Kg7 32.Re1 Rh5 33.b4 Rc8 34.Rce3 Rf5 35.exf6+ Qxf6 36.Re5 Rh5
37.Qc5 Kf7  1/2-1/2

[Event "Vlissingen HZ op"]
[Site "Vlissingen"]
[Date "1999.08.13"]
[Round "5"]
[White "Mikhalevski, Victor"]
[Black "Van der Wiel, John TH"]
[Result "1/2-1/2"]
[WhiteElo "2516"]
[BlackElo "2544"]

1.d4 Nf6 2.c4 c6 3.Nf3 d5 4.Nc3 a6 5.c5 Bf5 6.Bf4 Nbd7 7.e3 e6 8.Be2 Be7
9.Nd2 h6 10.Rc1 Bh7 11.O-O O-O 12.Bg3 Ne8 13.b4 f6 14.Nb3 g5 15.Na5 Qc8 16.e4 Bxe4
17.Nxe4 dxe4 18.Qb3 Ng7 19.Bc4 Kh7 20.Bxe6 Nxc5 21.bxc5 Nxe6 22.Rb1 Ra7 23.Qb6 Qa8
24.Bd6 Re8 25.Bxe7 Rxe7 26.Rfe1 Nf4 27.f3 e3 28.Nc4 Nd5 29.Qb3 Qe8 30.Nd6 Qd7
31.Qc2+ Kh8 32.Qg6 Qe6 33.Nf5 Rh7 34.Nxe3 Nxe3 35.Rb3 Qf7 36.Qxf7 Rxf7 37.Rbxe3 Kg7
38.Re8 a5 39.a4 b6 40.cxb6 Ra6 41.Rb1 Rb7 42.Kf2 Rbxb6 43.Rxb6 Rxb6 44.Ra8 Rb2+
45.Kf1  1/2-1/2

[Event "London MSO Masters"]
[Site "London"]
[Date "1999.08.21"]
[Round "1"]
[White "Bigg, Andrew"]
[Black "Houska, Jovanka"]
[Result "1/2-1/2"]
[WhiteElo "2208"]
[BlackElo "2251"]

1.d4 d5 2.c4 c6 3.Nf3 Nf6 4.Nc3 a6 5.cxd5 cxd5 6.Bf4 Nc6 7.Rc1 Qb6 8.Qd2 Bf5
9.e3 e6 10.a3 Be7 11.Be2 O-O 12.O-O Rac8 13.b4 Ne4 14.Nxe4 Bxe4 15.Qa2 Na7
16.Ne5 Rfd8 17.f3 Bg6 18.Qb2 Bd6 19.Nxg6 hxg6 20.Bxd6 Qxd6 21.Rc5 Rc6 22.Rfc1 Rdc8
23.a4 b6 24.Rxc6 Rxc6 25.Rxc6 Qxc6 26.b5 axb5 27.axb5 Qc7 28.g3 Nc8 29.Kf2 Nd6
30.Ke1 Kf8 31.Kd2 g5 32.Bd3 Ke7 33.e4 Nc4+ 34.Bxc4 Qxc4 35.e5 f5 36.Qa3+ Kf7
37.Qa7+ Kg6 38.Qxb6 Qa2+  1/2-1/2

[Event "Abu Dhabi Masters op"]
[Site "Abu Dhabi"]
[Date "1999.08.23"]
[Round "3"]
[White "Anastasian, Ashot"]
[Black "Saltaev, Mihail"]
[Result "0-1"]
[WhiteElo "2545"]
[BlackElo "2480"]

1.d4 d5 2.c4 c6 3.Nc3 Nf6 4.Nf3 a6 5.a4 e6 6.Bf4 dxc4 7.e3 Nd5 8.Bxb8 Rxb8
9.Bxc4 Bb4 10.Qc2 Qa5 11.Rc1 O-O 12.O-O Nf6 13.e4 Qh5 14.e5 Nd5 15.Ne4 Rd8
16.Rfd1 Nf4 17.Ng3 Qg6 18.Qb3 a5 19.Bd3 Nxd3 20.Rxd3 b5 21.Re3 bxa4 22.Qxa4 Ba6
23.h3 Bb5 24.Qb3 Be7 25.Qa2 a4 26.Ne4 Ra8 27.Nc5 h6 28.Qa1 Qf5 29.Rcc3 h5
30.h4 Qg6 31.Qc1 Rd5 32.Ne4 Rad8 33.Rc2 Rxd4 34.Nxd4 Rxd4 35.Nd6 Bxh4 36.Nxb5 cxb5
37.Rc8+ Kh7 38.Qc2 Bg5 39.Re2 Qxc2 40.Rcxc2 Kg6 41.g3 h4 42.Kg2 hxg3 43.fxg3 Rb4
44.Rc6 Rb3 45.Rc3 Rxc3 46.bxc3 a3 47.Re1 Bd2 48.Ra1 Bxc3 49.Rxa3 b4  0-1